| 000 | 00445 a2200133 4500 | ||
|---|---|---|---|
| 001 | 87715 | ||
| 082 | _aPR 95 | ||
| 090 |
_c41174 _d41174 |
||
| 100 | _aUmer Qureshi, NUST CDT 081109 | ||
| 245 | _aImage based navigation of multiple quad-rotor UAVs on a centralizad GPU powered server | ||
| 260 |
_aRisalpur _bCAE, PAF Academy Risalpur _c2012 |
||
| 300 |
_aix, 53p. _eTauseef Ur Rehman, Wg Cdr; Mansoor Ahsan, Sqn Ldr |
||
| 500 | _aBE Project Reports | ||
| 942 |
_aCAE NUST _kPR 95 |
||
| 999 |
_c322788 _d322788 |
||